Diseño de un modelo de aseguramiento de la calidad en la prestación del servicio al cliente en Amnet
Gorde:
| Egile nagusia: | |
|---|---|
| Beste egile batzuk: | , |
| Formatua: | Liburua |
| Argitaratua: |
[San José, Costa Rica]
2004
|
| Gaiak: | |
| Etiketak: |
Etiketa erantsi
Etiketarik gabe, Izan zaitez lehena erregistro honi etiketa jartzen!
|
MARC
| LEADER | 00000nam a2200000Ia 4500 | ||
|---|---|---|---|
| 003 | 01000 | ||
| 005 | 20221231144105.0 | ||
| 008 | 140114s2004 cr a 000 ||s d | ||
| 040 | |c cru CEDI | ||
| 090 | |a TFG 5527 | ||
| 100 | |a Amador Fonseca, Natalia |9 4664 | ||
| 245 | |a Diseño de un modelo de aseguramiento de la calidad en la prestación del servicio al cliente en Amnet | ||
| 260 | |c 2004 |b [San José, Costa Rica] | ||
| 300 | |a 2 volúmenes; ilustraciones | ||
| 500 | |a Proyecto de graduación (licenciatura en ingeniería Industrial)--Universidad de Costa Rica. Facultad de Ingeniería. Escuela de Ingeniería Industrial | ||
| 650 | |x AMNET (COSTA RICA) |x ADMINISTRACION |x CONTROL DE CALIDAD |x CALIDAD DEL SERVICIO |9 4668 | ||
| 700 | |9 4666 |a Campabadal Jiménez, Mariana | ||
| 700 | |9 4667 |a López-Calleja Salazar, Mónica | ||
| 942 | |c TFG | ||
| 999 | |c 16733 |d 16733 | ||
